Ekonomický rast - je potrebné podporiť úvery
Publikácia Frankfurtské hárky od Národnej banky Slovenska prináša informácie o pozadí rozhodnutí menovej politiky a o dôsledkoch implementácie menovej politiky ECB. Naštartovanie spotreby a firemných investícií ako kľúč k opätovnému oživeniu ekonomiky a inflácie. Úvery a hypotekárne úvery a ich situ...
Gespeichert in:
| Format: | Buchkapitel |
|---|---|
| Sprache: | Slowakisch |
| Schlagworte: | |
| Tags: |
Keine Tags, Fügen Sie das erste Tag hinzu!
|
MARC
| LEADER | 00000naa a2200000 4500 | ||
|---|---|---|---|
| 001 | 0273924 | ||
| 005 | 20210524134125.1 | ||
| 041 | 0 | |a slo | |
| 044 | |a CZ | ||
| 245 | 1 | 0 | |a Ekonomický rast - je potrebné podporiť úvery |
| 520 | |a Publikácia Frankfurtské hárky od Národnej banky Slovenska prináša informácie o pozadí rozhodnutí menovej politiky a o dôsledkoch implementácie menovej politiky ECB. Naštartovanie spotreby a firemných investícií ako kľúč k opätovnému oživeniu ekonomiky a inflácie. Úvery a hypotekárne úvery a ich situácia na Slovensku. Finančná podpora firiem štátom a základné podmienky úverov. | ||
| 610 | 2 | 0 | |a úver |
| 610 | 2 | 0 | |a hypotéky |
| 610 | 2 | 0 | |a pomoc finančná |
| 610 | 2 | 0 | |a firmy |
| 610 | 2 | 0 | |a rast hospodársky |
| 610 | 2 | 0 | |a inflácia |
| 610 | 2 | 0 | |a investície finančné |
| 610 | 2 | 0 | |a koronavírus |
| 610 | 2 | 0 | |a Slovensko |